书目信息 |
| 题名: |
广告企划文案写作
|
|
| 作者: | 马连湘 , 佟文娟 编著 | |
| 分册: | ||
| 出版信息: | 北京 清华大学出版社 2008.12 |
|
| 页数: | 238页 | |
| 开本: | 23cm | |
| 丛书名: | ||
| 单 册: | ||
| 中图分类: | F713.8 | |
| 科图分类: | ||
| 主题词: | 广告--guang gao--写作--技术培训--教材 | |
| 电子资源: | ||
| ISBN: | 978-7-81123-456-5 | |
| 000 | 00905nam0 2200253 450 | |
| 001 | 012010310983 | |
| 005 | 20100107081014.21 | |
| 010 | @a978-7-81123-456-5@dCNY25.00 | |
| 100 | @a20090110d2008 em y0chiy0120 ea | |
| 101 | 0 | @achi |
| 102 | @aCN@b110000 | |
| 105 | @aak a 000yy | |
| 106 | @ar | |
| 200 | 1 | @a广告企划文案写作@Aguang gao qi hua wen an xie zuo@f马连湘, 佟文娟编著@Fma lian xiang,tong wen juan bian zhu |
| 210 | @a北京@c清华大学出版社@c北京交通大学出版社@d2008.12 | |
| 215 | @a238页@c图@d23cm | |
| 320 | @a有书目 | |
| 330 | @a本书主要内容包括:广告企划文案的性质和特点,广告企划文案的种类和作用,广告企划文案的写作原则,制作广告企划文案的基本要求等。 | |
| 606 | 0 | @a广告@Aguang gao@x写作@x技术培训@j教材 |
| 690 | @aF713.8@v4 | |
| 701 | 0 | @a马连湘@Ama lian xiang@4编著 |
| 701 | 0 | @a佟文娟@Atong wen juan@4编著 |
| 801 | 0 | @aCN@bQSSK@c20100107 |
| 905 | @b771851-53@dF713.8@eM098@f3 | |
| 广告企划文案写作/马连湘, 佟文娟编著.-北京:清华大学出版社:北京交通大学出版社,2008.12 |
| 238页:图;23cm |
| ISBN 978-7-81123-456-5:CNY25.00 |
| 本书主要内容包括:广告企划文案的性质和特点,广告企划文案的种类和作用,广告企划文案的写作原则,制作广告企划文案的基本要求等。 |
| ● |
| 相关链接 |
|
|
|
正题名:广告企划文案写作
索取号:F713.8/M098
 
预约/预借
| 序号 | 登录号 | 条形码 | 馆藏地/架位号 | 状态 | 备注 |
| 1 | 771851 | 207718512 | 社科库409/409社科库 44排5列2层/ [索取号:F713.8/M098] | 在馆 | |
| 2 | 771852 | 207718521 | 社科库409/409社科库 44排5列2层/ [索取号:F713.8/M098] | 在馆 | |
| 3 | 771853 | 207718530 | 社科库409/409社科库 44排5列2层/ [索取号:F713.8/M098] | 在馆 |